Viena y Manchester : (Record no. 85061)

MARC details
000 -CABECERA
campo de control de longitud fija 00733nam a2200193 a 4500
005 - FECHA Y HORA DE LA ÚLTIMA TRANSACCIÓN
campo de control 20220831103822.0
008 - ELEMENTOS DE LONGITUD FIJA--INFORMACIÓN GENERAL
campo de control de longitud fija 010910s2000 r 000 0 eng d
020 ## - NÚMERO INTERNACIONAL NORMALIZADO PARA LIBROS
Número Internacional Estándar del Libro 8477387982
035 ## - NÚMERO DE CONTROL DEL SISTEMA
Número de control de sistema UPN01000111152
049 ## - COLECCIÓN
Colección CG
050 #4 - SIGNATURA TOPOGRÁFICA DE LA BIBLIOTECA DEL CONGRESO
Número de clasificación BF109 F74
Número de documento/Ítem V5.48
245 00 - MENCIÓN DE TÍTULO
Título Viena y Manchester :
Resto del título correspondencia entre Sigmund Freud y su sobrino Sam Freud (1911-1938) /
Mención de responsabilidad, etc. ed. Thomas Roberts ; tr. Pedro Navarro Serrano.
260 ## - PUBLICACIÓN, DISTRIBUCIÓN, ETC.
Lugar de publicación, distribución, etc. Madrid, Esp. :
Nombre del editor, distribuidor, etc. Síntesis,
Fecha de publicación, distribución, etc. 2000.
300 ## - DESCRIPCIÓN FÍSICA
Extensión 222 p., 1 h. pleg.
440 #0 - MENCIÓN DE SERIE/ASIENTO SECUNDARIO--TÍTULO
Título Psicoanálisis.
Nombre de parte o sección de la obra Correspondencias ;
Designación de volumen o secuencia 1
600 14 - ASIENTO SECUNDARIO DE MATERIA - NOMBRE PERSONAL
Nombre de persona Freud, Sigmund,
Fechas asociadas al nombre 1856-1939
Subdivisión de forma Correspondencia, memorias, etc.
9 (RLIN) 22248
600 14 - ASIENTO SECUNDARIO DE MATERIA - NOMBRE PERSONAL
Nombre de persona SALOMAN, FREUD, -
Fechas asociadas al nombre 1860-1945 -
Subdivisión de forma CORRESPONDENCIA, MEMORIAS, ETC.
905 ## - TIPO DE MATERIAL
Tipo de material Libro
Holdings
Estado de retiro Estado de pérdida Fuente del sistema de clasificación o colocación Estado dañado No para préstamo Código de colección Localización permanente Ubicación/localización actual Ubicación en estantería Total de préstamos Clasificación Código de barras Fecha visto por última vez Número de copia Tipo de ítem Koha
    Library of Congress Classification     Colección General Bib. Gregorio Torres Quintero Bib. Gregorio Torres Quintero Planta baja 1 BF109 F74 V5.48 184422 31/12/2020 1 Libro